| 000 | 00555nam a2200193Ia 4500 | ||
|---|---|---|---|
| 003 | GCL | ||
| 008 | 140319s9999 xx 000 0 eng d | ||
| 040 |
_aGCL / _cGCL |
||
| 082 | 0 | 4 |
_a758.42 _bH I |
| 100 | 1 | _aHARDEN, ELISABETH | |
| 245 | 1 | 0 |
_aAN INTRODUCTION TO PAINTING FLOWERS: FORM, TECHNIQUE, COLOUR, LIGHT AND COMPOSITION / _cHARDEN, ELISABETH |
| 260 |
_a[S.N] : _bTHE APPLE PRESS ، _c1994 |
||
| 300 | _a128 P | ||
| 650 | 0 | 4 | _aPLANT - PAINTING |
| 650 | 0 | 4 | _aFLOWERS - PAINTING |
| 650 | 0 | 4 | _aARTS |
| 650 | 0 | 4 | _aARTS - PAINTING |
| 942 |
_2ddc _cBK |
||
| 999 |
_c14428 _d14428 |
||